|
|
|
|
| LEADER |
00000cas a2200000 a 4500 |
| 001 |
vtls010494290 |
| 003 |
SK-MaSNL |
| 005 |
20260228161217.0 |
| 008 |
130301c20129999xo r|p 0 0slo |
| 022 |
|
|
|a 1338-6999
|
| 040 |
|
|
|a SNK
|b slo
|c SNK
|e AACR2
|
| 041 |
0 |
|
|a slo
|
| 043 |
|
|
|a e-xo---
|
| 044 |
|
|
|a xo
|c SK
|
| 072 |
|
7 |
|a 352/354
|x Stupne miestnej, oblastnej a ústrednej správy
|2 konspekt
|
| 072 |
|
7 |
|a 316.7
|x Sociológia kultúry. Kultúrny život
|2 konspekt
|
| 072 |
|
7 |
|a 394
|x Verejný a spoločenský život. Každodenný život
|2 konspekt
|
| 080 |
|
|
|a 353.9
|2 2011
|
| 080 |
|
|
|a 316.728
|2 2011
|
| 080 |
|
|
|a 394
|2 2011
|
| 080 |
|
|
|a (437.613)
|2 2011
|
| 080 |
|
|
|a 050
|2 2011
|
| 080 |
|
|
|a (051)+(054)
|2 2011
|
| 210 |
0 |
|
|a Dohňanský sprav.
|
| 222 |
|
0 |
|a Dohňanský spravodaj
|
| 245 |
0 |
0 |
|a Dohňanský spravodaj
|b noviny Obecného úradu v Dohňanoch
|
| 260 |
|
|
|a Bratislava
|b Sport Marketing Company, s.r.o.
|c 2012-
|
| 300 |
|
|
|a zv.
|c 30 cm
|
| 310 |
|
|
|a Občasník
|
| 362 |
0 |
|
|a Roč. 1, č. 1 (2012)-
|
| 500 |
|
|
|a Registračné č.: EV 4593/12
|
| 500 |
|
|
|a Zodpovedný redaktor: 2012- , Andrej Kozma
|
| 515 |
|
|
|a R. 2018 má chybne uvedený roč. 6, má byť roč. 7
|
| 650 |
0 |
7 |
|a územná samospráva
|2 SNKPH
|9 802
|
| 650 |
0 |
7 |
|a každodenný život
|2 SNKPH
|9 4946
|
| 651 |
|
7 |
|a Dohňany (Slovensko)
|2 SNKPHgeo
|9 92285
|
| 655 |
|
7 |
|a miestne periodiká
|2 SNKPH
|9 160938
|
| 700 |
1 |
|
|a Kozma, Andrej
|4 lso
|9 268206
|
| 856 |
4 |
1 |
|u https://www.dohnany.sk/spravodaj-noviny.html
|
| 910 |
|
|
|a snk
|
| 999 |
|
|
|c 4677
|d 6607
|
| 952 |
|
|
|0 0
|1 0
|3 Spoločne zviazané r. 2012-2018
|4 0
|7 0
|8 0
|a SNK
|b SNK
|d 2019-11-11
|i snk2019/28971
|l 0
|o snkČSB 7363/4/2015
|p 17A1384639
|r 2026-02-21 21:41:23
|t č. 1
|w 2026-02-21
|y PREZ
|z Spoločne zviazané r. 2012-2018
|
| 952 |
|
|
|0 0
|1 0
|3 Spoločne zviazané r. 2012-2018
|4 0
|7 0
|8 0
|a SNK
|b SNK
|d 2019-11-11
|i snk2019/28971
|l 0
|o snkČSB 7363/5/2016
|p 17A1384640
|r 2026-02-21 21:41:23
|t č. 1-2
|w 2026-02-21
|y PREZ
|z Spoločne zviazané r. 2012-2018
|
| 952 |
|
|
|0 0
|1 0
|3 Spoločne zviazané r. 2012-2018
|4 0
|7 0
|8 0
|a SNK
|b SNK
|d 2019-11-11
|i snk2019/28971
|l 0
|o snkČSB 7363/6/2017
|p 17A1384641
|r 2026-02-21 21:41:23
|t č. 1
|w 2026-02-21
|y PREZ
|z Spoločne zviazané r. 2012-2018
|
| 952 |
|
|
|0 0
|1 0
|3 Spoločne zviazané r. 2012-2018
|4 0
|7 0
|8 0
|a SNK
|b SNK
|d 2019-11-11
|i snk2019/28971
|l 0
|o snkČSB 7363/6[7]/2018
|p 17A1384642
|r 2026-02-21 21:41:23
|t č. 1
|w 2026-02-21
|y PREZ
|z Spoločne zviazané r. 2012-2018
|
| 952 |
|
|
|0 0
|1 0
|3 Spoločne zviazané r. 2012-2018
|4 0
|7 0
|8 0
|a SNK
|b SNK
|d 2019-11-11
|i snk2019/28971
|l 0
|o snkČSB 7363/1/2012
|p 17A1384636
|r 2026-02-21 22:08:04
|t č. 1-2
|w 2026-02-21
|y PREZ
|z Spoločne zviazané r. 2012-2018
|
| 952 |
|
|
|0 0
|1 0
|3 Spoločne zviazané r. 2012-2018
|4 0
|7 0
|8 0
|a SNK
|b SNK
|d 2019-11-11
|i snk2019/28971
|l 0
|o snkČSB 7363/2/2013
|p 17A1384637
|r 2026-02-21 22:08:04
|t č. 1-3, neúplné
|w 2026-02-21
|y PREZ
|z Chýba č. 1,2. ; Spoločne zviazané r. 2012-2018
|
| 952 |
|
|
|0 0
|1 0
|3 Spoločne zviazané r. 2012-2018
|4 0
|7 0
|8 0
|a SNK
|b SNK
|d 2019-11-11
|i snk2019/28971
|l 0
|o snkČSB 7363/3/2014
|p 17A1384638
|r 2026-02-21 22:08:04
|t č. 1-2
|w 2026-02-21
|y PREZ
|z Spoločne zviazané r. 2012-2018
|